Central Library OPAC University of Rajshahi

The planet earth / (Record no. 10810)

MARC details
000 -LEADER
fixed length control field 00821cam a22002891 4500
001 - CONTROL NUMBER
control field 10810
003 - CONTROL NUMBER IDENTIFIER
rucl marc code BD-RjUL
005 - DATE AND TIME OF LATEST TRANSACTION
control field 20211208235023.0
008 - FIXED-LENGTH DATA ELEMENTS--GENERAL INFORMATION
fixed length control field 140125s1957 enkabd b 000 0 eng
035 ## - SYSTEM CONTROL NUMBER
System control number MITb10557513
System control number 10859
040 ## - CATALOGING SOURCE
Original cataloging agency DLC
Transcribing agency WRJ
Modifying agency DLC
-- BD-RjUL
Language of cataloging eng
041 ## - LANGUAGE CODE
Language code of text/sound track or separate title eng
082 ## - DEWEY DECIMAL CLASSIFICATION NUMBER
Edition number 22
Classification number 550
Author mark and year PLA 1957
090 ## - LOCALLY ASSIGNED LC-TYPE CALL NUMBER (OCLC); LOCAL CALL NUMBER (OCLC)
Classification number (OCLC) (R) ; Classification number, CALL (RLIN) (NR) QC806
Local cutter number (OCLC) ; Book number/undivided call number, CALL (RLIN) .B329 1964
099 ## - LOCAL FREE-TEXT CALL NUMBER (OCLC)
Bangla Class number QC806.B329 1964
245 14 - TITLE STATEMENT
Title The planet earth /
Statement of responsibility, etc. edited by D. R. Bates.
260 ## - PUBLICATION, DISTRIBUTION, ETC. (IMPRINT)
Place of publication, distribution, etc. New York :
Name of publisher, distributor, etc. Pergamon Press,
Date of publication, distribution, etc. 1957.
300 ## - PHYSICAL DESCRIPTION
Pagination 312 p. :
Illustrations illus. charts, maps. ;
Size 22 cm.
504 ## - BIBLIOGRAPHY, ETC. NOTE
Bibliography, etc Includes index and Bibliography.
650 #0 - SUBJECT ADDED ENTRY--TOPICAL TERM
Topical term or geographic name as entry element Geophysics.
9 (RLIN) 33404
Topical term or geographic name as entry element Meteorology.
9 (RLIN) 33405
700 ## - ADDED ENTRY--PERSONAL NAME
Personal name Bates, D. R.
Fuller form of name (David Robert),
942 ## - ADDED ENTRY ELEMENTS (KOHA)
Source of classification or shelving scheme Dewey Decimal Classification
Koha item type Books
Holdings
Lost status Source of classification or shelving scheme Damaged status Not for loan Collection code Permanent Location Current Location Shelving location Date acquired Source of acquisition Cost, normal purchase price Total Checkouts Full call number Date last seen Copy number Koha item type
  Dewey Decimal Classification   Not For Loan Non-fiction Central Library, University of Rajshahi Central Library, University of Rajshahi Reading Room 22/11/1965 Zeitlinger 35.00   550 PLA 1957 25/01/2014 C-1 Books